000 00784nam a2200265Ia 4500
003 OSt
005 20220918220107.0
006 a|||||r|||| 00| 0
007 ta
008 220917b |||||||| |||| 00| 0 eng d
024 _a144,424
037 _cTextual
040 _aARTS
_cARTS
_beng
041 _2eng
_aeng
082 _aY173Q3, J9;M0
100 _aSangave Vilas Adinath
_9136468
245 0 _aJaina community
_b A social survay
260 _aBombay
_bPopular Prakashan
_c1980
300 _axxii, 455p.
_ccm.
490 _aPopular library of Indian sociology and social thought
500 _aAppendix p415-422; Bibliography p423-444
650 _aSOCIOLOGY
942 _hY173Q3, J9;M0
_cTEXL
_2CC
999 _c267338
_d267338